000 00772nam a22002177a 4500
999 _c48
_d48
003 AR-CdUCM
008 190221b ||||| |||| 00| 0 spa d
040 _aMUNICIPALIDAD PROVINCIAL DEL CUSCO
_cBIBLIOTECA MUNICIPAL DEL CUSCO
082 _a985.81 /
_bS31
_22 ed.
100 _aSchweigger, Erwin
_9237
245 _aEl litoral peruano /
260 _aLima :
_bUniversidad Nacional "Federico Villarreal",
_c1964.
300 _a414 paginas ;
_c24 cm.
505 _aContenido: La Costa peruana -- El Mar -- El Clima del Litoral Peruano -- La vida en el Litoral Peruano -- Aves Guaneras y el Guano ...
650 _aMar peruano
_9238
650 _aLitoral Peruano
_9239
650 _aCosta Peruana
_9240
650 _aValles y RĂ­os
_9241
942 _2ddc
_cLIBROS
945 _arum